书目信息 |
| 题名: |
教师言语美
|
|
| 作者: | 陈涵平 编著 | |
| 分册: | ||
| 出版信息: | 广州 中山大学出版社 2004.09 |
|
| 页数: | 10, 264页 | |
| 开本: | 20cm | |
| 丛书名: | ||
| 单 册: | ||
| 中图分类: | G424 | |
| 科图分类: | ||
| 主题词: | 教学技术--语言艺术--研究 | |
| 电子资源: | ||
| ISBN: | 7-306-02319-5 | |
| 000 | 00803nam0 2200229 450 | |
| 001 | 0137776453 | |
| 005 | 20050901032733.03 | |
| 010 | @a7-306-02319-5@dCNY18.00 | |
| 100 | @a20050310d2004 km y0chiy0121 ea | |
| 101 | 0 | @achi |
| 102 | @aCN@b440000 | |
| 105 | @ay a 000yy | |
| 200 | 1 | @a教师言语美@Ajiao shi yan yu mei@f陈涵平编著@Fchen han ping bian zhu |
| 210 | @a广州@c中山大学出版社@d2004.09 | |
| 215 | @a10, 264页@d20cm | |
| 320 | @a有书目 (第261-262页)。 | |
| 330 | @a本书精心选择了近300 个实例,这些产生于不同的教育教学情境中的成功的言语实践,不仅体现了广大教师的言语智慧和能力,而且也为后来者提供了可以模仿或借鉴的操作范例。 | |
| 606 | 0 | @a教学技术@x语言艺术@x研究 |
| 690 | @aG424@v4 | |
| 701 | 0 | @a陈涵平@Achen han ping@4编著 |
| 801 | 0 | @aCN@bQSSK@c20050901 |
| 905 | @a10447@dG424@eC434 | |
| 教师言语美/陈涵平编著.-广州:中山大学出版社,2004.09 |
| 10, 264页;20cm |
| ISBN 7-306-02319-5:CNY18.00 |
| 本书精心选择了近300 个实例,这些产生于不同的教育教学情境中的成功的言语实践,不仅体现了广大教师的言语智慧和能力,而且也为后来者提供了可以模仿或借鉴的操作范例。 |
| ● |
| 相关链接 |
|
|
|
正题名:教师言语美
索取号:G424/C434
 
预约/预借
| 序号 | 登录号 | 条形码 | 馆藏地/架位号 | 状态 | 备注 |
| 1 | 567099 | 205670996 | 社科库409/409社科库 2排3列4层/ [索取号:G424/C434] | 在馆 | |
| 2 | 567100 | 205671003 | 社科库409/409社科库 2排3列4层/ [索取号:G424/C434] | 在馆 | |
| 3 | 567101 | 205671012 | 社科库409/409社科库 2排3列4层/ [索取号:G424/C434] | 在馆 |